| 000 | 00675nam a22002297a 4500 | ||
|---|---|---|---|
| 999 |
_c4194 _d4194 |
||
| 003 | AR-CdUCM | ||
| 008 | 190308b ||||| |||| 00| 0 spa d | ||
| 020 | _a968-16-1853-X | ||
| 040 |
_aMUNICIPALIDAD PROVINCIAL DEL CUSCO _cBIBLIOTECA MUNICIPAL DEL CUSCO |
||
| 082 |
_a869.15 / _bAZ99 |
||
| 100 |
_aAzuela, Mariano _91275 |
||
| 245 | _aNueva Bruguesia / | ||
| 260 |
_aMexico : _bFondo Cultural Economico, _c1985. |
||
| 300 |
_a138 paginas ; _c21cm. |
||
| 440 |
_aLecturas Mexicanas _n72 _913290 |
||
| 500 | _aFndo de Cultura Economico | ||
| 650 |
_aNovelas Mexicanas _9676 |
||
| 650 |
_aSiglo XX _98 |
||
| 650 |
_aLiteratura _983 |
||
| 942 |
_2ddc _cLIBROS |
||
| 945 | _apjha | ||